00957 2200301 4500001002100000005001500021035002000036007000300056008004100059020002200100082001400122084001600136100002600152245012200178250003100300300003800331650002500369700004500394264004200439336002100481337003000502338002300532040002200555090002200577850001200599999002200611990002200633INLIS00000000087994220230712010420 a0010-0723000313ta230712s2023 yoia g 000 0 ind d a978-623-400-661-204223a153.8 a153.8 RUQ u0 aRuqy QurdyePengarang10aUntukmu yang ditinggalkan :bberharap kepada orang yang salah /cRuqy Qurdy; penyunting, Shafira Karima Ardanareswari aCetakan Pertama, Juni 2023 ax, 150 halaman :bgambar ;c19 cm 4aMotivasi (Psikologi)0 aShafira Karima ArdanareswariePenyunting31aBantul :bAnak Hebat Indonesia,c2023 2rdacontentateks 2rdamediaatanpa perantara 2rdacarrieravolume aYOPDYOGbinderda aCB-D.11 2023-1224 aYOPDYOG aCB-D.11/2023-1224 aCB-D.11/2023-1224